000 00658cam a22002291 4500
001 000011542
005 20200929162502.0
008 751020s1947 nyuab 000 0 eng
010 _aagr47000043
035 _a(OCoLC)1717903
040 _aDO-SdBNP
_cFJ
_dDLC
050 0 0 _aS561
_b.H7 1947
100 1 _aHopkins, John A.
_q(John Abel),
_d1897-
_927301
245 0 0 _aElements of farm management.
250 _a3d ed.
260 _aNew York, :
_bPrentice-Hall,
_c1947.
300 _axvi, 524 p. :
_billus., maps. ;
_c21 cm.
500 _aIncludes "References."
650 0 _aFarm management.
_927302
910 _aCatalogación derivada
082 _a631.1
999 _c11237
_d11237